Тест на общие знания №9 - Statistics

General Stats
  • This quiz has been taken 58 times
  • The average score is 10 of 20
Answer Stats
Вопрос Ответ % Correct
Благодаря какому продукту борщ окрашивается в красный цвет, а майонез в салате "сельдь под шубой" - в розовый? свёкла
95%
Какой персонаж "Смешариков" говорит с немецким акцентом? Пин
85%
Что представляет собой 1/8 байта? бит
78%
Какая часть тела у слонёнка Дамбо была больше, чем у других? уши
78%
Назовите самую распространённую религию в Индонезии суннитский ислам
75%
Назовите синоним слова "зябнуть" мёрзнуть
73%
Какую форму имеют ячейки в пчелином улье? шестиугольник
70%
Какую форму имеет молекула ДНК? двойная спираль
63%
Какое число записано латинскими цифрами как MMXXVI? 2026
60%
Как называются жители Кипра? киприоты
45%
Что измеряется в кулонах? электрический заряд
40%
Название какого динозавра переводится с латинского языка как "трёхрогое лицо"? трицератопс
38%
В какую условную группу музыкантов входят Эми Уайнхаус, Джими Хендрикс, Дженис Джоплин и Курт Кобейн? "Клуб 27"
38%
Что впервые провели в 1896-м году после перерыва в 2290 лет? олимпийские игры
35%
Какой известный алкогольный коктейль назван в честь английского монарха? "Кровавая Мэри"
30%
Как называется астрономическая концепция, согласно которой Земля вращается вокруг Солнца? гелиоцентризм
30%
Главными героями какого аниме-сериала являются два брата, один из которых лишился руки и ноги, а другой - всего тела? "Стальной алхимик"
28%
Кто пожирал собственного сына на картине Франциско Гойи? Сатурн
25%
При каком заболевании из-за недостатка витамина D у детей могут деформироваться и даже ломаться кости? рахит
25%
На логотипе какой музыкальной группы изображён рот с высунутым языком? "The Rolling Stones"
25%
No matching quizzes found
Score Distribution
Percent of People with Each Score
Percentile by Number Answered
Your Score History
You have not taken this quiz